00345nam a2200121Ia 4500008004100000040001600041041001200057082001800069100002000087245007500107260002500182300001600207230917s9999||||xx |||||||||||||| ||und|| e59073aMAIN aEnglish a294.594 C674D aColebrooke, H T 0aDaya-bhagya and mitaksara two treatise on the Hindu law of inheritance aDelhibParimalc1984 axvi, 377 p.